Statistiques concernant Les pays les plus visités par les russes

Cliquez ici pour prendre le quiz!

Statistiques générales

  • Ce quiz a été pris 187 fois
  • Le résultat moyen est 6 sur 9

Statistiques - réponses

VisiteursDestination% Correct
787,200Chine
97%
638,100Allemagne
79%
605,500Italie
78%
887,100Espagne
77%
2,700,000Turquie
73%
787,100Finlande
70%
1,100,000Gréce
65%
683,000Thailande
33%
1,400,000Egypte
31%

Distribution des résultats

Percentile par nombre de réponses

% des personnes avec chaque résultat

Votre développement - résultats

Vous n’avez pas pris ce quiz